000 00304nam a22001337a 4500
008 170830b xxu||||| |||| 00| 0 eng d
020 _a9780240813516
041 _aeng
080 _22 ED
_a070
100 _a39
101 _aMED
245 _aFLASH AFTER AFTER EFFECTS
_cJACKSON.CH
942 _2udc
_cBK
999 _c25496
_d25496